Statistics for Taylor Swift - But Daddy I Love Him (Lyrics)

Click here to take the quiz!

General Stats

  • This quiz has been taken 86 times
  • The average score is 406 of 545

Answer Stats

Answer% Correct
But
100%
"But
100%
but
100%
"But,
100%
I
100%
a
98%
and
98%
And
98%
baby"
98%
baby
98%
daddy
98%
daddy,
98%
having
98%
him,
98%
him
98%
him!
98%
him"
98%
his
98%
I'm
98%
love
98%
my
98%
no,
98%
No,
98%
not
98%
not,
98%
see
98%
should
98%
with
98%
you
98%
You
98%
your
98%
faces
95%
it
95%
Screamin',
95%
The
95%
the
95%
to
95%
dress
93%
He
93%
he
93%
in
93%
running
93%
We
93%
we
93%
It's
91%
it’s
91%
it's
91%
just
91%
Just
91%
on
91%
was
91%
when
91%
For
88%
for
88%
he's
88%
one
88%
who
88%
now
86%
Now
86%
tell
86%
unbuttoned
86%
want
86%
crazy,
84%
crazy
84%
know
84%
me
84%
Me
84%
Then
84%
then
84%
this
84%
'cause
81%
I'll
81%
they
81%
They
81%
All
79%
all
79%
best
79%
fences
79%
of
79%
Too
79%
too
79%
chaos,
77%
coming
77%
God
77%
God,
77%
only
77%
some
77%
through
77%
"What
77%
oh
74%
senses
74%
these
74%
whole
74%
girl
72%
how
72%
life
72%
never
72%
right
72%
sun
72%
good
70%
hate
70%
if
70%
If
70%
mine
70%
people
70%
revelry
70%
something
70%
telling
70%
can
67%
down
67%
ever
67%
name
67%
above
65%
cage
65%
disgrace
65%
don't
65%
floor
65%
high
65%
horse
65%
I'd
65%
moanin'
65%
rise
65%
say
65%
Sunday
65%
Than
65%
their
65%
thing
65%
west
65%
bitchin'
63%
burn
63%
Even
63%
fun
63%
Hannahs
63%
listen
63%
rather
63%
Sarahs
63%
Screaming,
63%
second
63%
simple
63%
that
63%
wanted
63%
won
63%
alone
60%
'bout
60%
can't
60%
come
60%
forget
60%
more
60%
raise
60%
'em,
58%
from
58%
loves
58%
save
58%
were
58%
world
58%
at
56%
is
56%
lady
56%
learned
56%
mess"
56%
pray
56%
up
56%
wedding
56%
what's
56%
away
53%
boy,
53%
does
53%
door
53%
her,"
53%
most
53%
gotta
51%
had
51%
creeps
49%
slammed
49%
"Stay
49%
try
49%
ain't
47%
like
47%
wild
47%
much
44%
over
44%
vipers
44%
dressed
42%
pearls
42%
choice
40%
city
40%
dancing
40%
elders
40%
fuck
40%
heart
40%
performing
40%
cater
37%
eyes
37%
hall
37%
noise,
37%
protested
37%
sighing,
37%
There's
37%
true
37%
undo
37%
white
37%
clothing
35%
daughter,
35%
Growing
35%
growing
35%
heard
35%
joy
35%
means
35%
out
35%
sometimes
35%
Time,
35%
town
35%
Bedroom
33%
destiny
33%
doesn't
33%
give
33%
plans
33%
remedy
33%
Thinking
33%
words
33%
beat
30%
came
30%
Clutchin'
30%
empath's
30%
into
30%
knows
30%
laid
30%
lot
30%
Sanctimoniously
30%
Soon
30%
convened
28%
Lord
28%
moms
28%
screeching
28%
tires
28%
touches
28%
Went
28%
wine
28%
around
26%
back
26%
braid
26%
chemistry
26%
enough
26%
judgmental
26%
parents
26%
perspective?
26%
saboteurs
26%
tucked
26%
are
23%
change
23%
precocious
23%
Tendrils
23%
things
23%
woven
23%
brings
21%
closer
21%
Dutiful
21%
still
21%
counteract
19%
died
19%
fakest
19%
gray
19%
heat
19%
lovers
19%
smiles
19%
upon
19%
funny
16%
holding
16%
Scandal
16%
bestow
14%
pride
14%
solilioquies
0%

Score Distribution

Percentile by Number Answered

Percent of People with Each Score

Your Score History

You have not taken this quiz